00750nam a2200241 a 4500001001300000003000900013005001700022008004100039020002300080082001700103100001800120245006200138260004500200300001000245500003500255505003100290650001900321700001800340902000800358942000700366952011800373999001700491nice12345678IN_TiNIC20260116014905.0131107s2013 newa grp 000 0 eng  a9789382337010c49500a954.035bPRA aPrasad, Bimal aGandhi, Nehru and J.P.b Studies in Leadership and Legacy aNew Delhi bPromilla & Co. Pubs., c2013 a389p  aincludes index and biblioraphy2 aSelect Bibliography, Index aIndia-Politics1 aPrasad, Bimal bSRS cBK 001040708StackRoom-aHMIbHMId2013-11-07g495.00l0o954.035 PRAp024158r2013-11-07v495.00w2013-11-07yBK c17425d17425